000 00381nam a2200145 i 4500
001 bg
100 1 _aMALINOWSKI, Edmund
245 0 _aGenetyka :
_bpodręcznik dla studentów szkół wyższych /
_cEdmund Malinowski.
250 _aWyd.5 popr. i uzup.
260 _aWarszawa,
_c1978.
040 _cBPK
041 _apol
942 _cKS
008 s pl f |000 0 pol
999 _c27890
_d27890
856 _uhttp://koha.tu.koszalin.pl/cgi-bin/koha/opac-detail.pl?biblionumber=27890
_yKatalog online BPK